5HLuxD.jpg

KING HENRY VIII SENIOR AND PRIMARY SCHOOL LIBRARY OPAC

Egyptian mummy (Record no. 3113)

000 -LEADER
fixed length control field 00864nam a22002417a 4500
005 - DATE AND TIME OF LATEST TRANSACTION
control field 20231016104640.0
008 - FIXED-LENGTH DATA ELEMENTS--GENERAL INFORMATION
fixed length control field 231016b ||||| |||| 00| 0 eng d
020 ## - INTERNATIONAL STANDARD BOOK NUMBER
International Standard Book Number 9780760355343
040 ## - CATALOGING SOURCE
Transcribing agency KH8
082 ## - DEWEY DECIMAL CLASSIFICATION NUMBER
Classification number 963.16 HOP
100 ## - MAIN ENTRY--PERSONAL NAME
Personal name Hopping, Lorraine
Relator term Author
245 ## - TITLE STATEMENT
Title Egyptian mummy
Remainder of title unwrap an egyptian mummy layer by layer!
Statement of responsibility, etc. Lorraine Jean Hopping
260 ## - PUBLICATION, DISTRIBUTION, ETC.
Place of publication, distribution, etc. WA,
Name of publisher, distributor, etc. Becker & Mayer! kids, an imprint of The Quarto Group, Bellevue
Date of publication, distribution, etc. 2017
300 ## - PHYSICAL DESCRIPTION
Extent 16 pages :
Other physical details color illustrations ;
Dimensions 29 cm.
440 ## - SERIES STATEMENT/ADDED ENTRY--TITLE
Title Inside out (Bellevue, Wash.)
500 ## - GENERAL NOTE
General note Book with 3-D model of an Egyptian mummy<br/>On board pages with cut-outs
520 ## - SUMMARY, ETC.
Summary, etc. Explore the inside of an Egyptian mummy from outside to all the layers inside
521 ## - TARGET AUDIENCE NOTE
Target audience note <br/>Ages 8 and up.
650 ## - SUBJECT ADDED ENTRY--TOPICAL TERM
Topical term or geographic name entry element Antiquities
650 ## - SUBJECT ADDED ENTRY--TOPICAL TERM
Topical term or geographic name entry element Board books
650 ## - SUBJECT ADDED ENTRY--TOPICAL TERM
Topical term or geographic name entry element Egypt
942 ## - ADDED ENTRY ELEMENTS (KOHA)
Source of classification or shelving scheme
Koha item type Books - Fiction
Holdings
Withdrawn status Lost status Source of classification or shelving scheme Damaged status Not for loan Collection code Permanent Location Current Location Shelving location Date acquired Total Checkouts Total Renewals Full call number Barcode Date last seen Date last checked out Price effective from Koha item type
          Non-Fiction KH8 Primary School Library KH8 Primary School Library Non Fiction 2023-10-16 17 1 963.16 HOP KHPL000004319 2025-12-05 2025-11-13 2023-10-16 Books - Fiction

Powered By KH8 IT Dept